| 000 | 00888nam a2200229 a 4500 | ||
|---|---|---|---|
| 001 | 000034700 | ||
| 005 | 20200930073840.0 | ||
| 008 | 111019s1959 ag 000 0 spa d | ||
| 040 |
_aDO-SdBNP _bspa _cBNPHU |
||
| 100 | 1 |
_aPiaget, Jean, _d1896-1980 _940350 |
|
| 240 | 1 | 0 |
_aEpistémologie génétique et recher-che psychologique _lfrancés |
| 245 | 1 | 0 |
_aPsicología, lógica y comunicación : _bepitstemología genética e investigación psicológica / _cJean Piaget, W. Mays, W. Beth ; traducción Noelia Bastard. |
| 260 |
_aBuenos Aires, Argentina : _bEditorial Nueva Versión, _c1959. |
||
| 300 |
_a136 p. ; _c21 cm. |
||
| 490 | 1 | _aInterciencia | |
| 590 | _aPerteneció a la biblioteca personal de Juan Isidro Jimenes Grullón | ||
| 700 | 1 |
_aMays, W. _960150 |
|
| 700 | 1 |
_aBeth, W. _960151 |
|
| 700 | 1 |
_aBastard, Noelia _etr. _956496 |
|
| 830 | 0 |
_aInterciencia _960152 |
|
| 049 | _aBNPD | ||
| 999 |
_c34191 _d34191 |
||